山之内製薬 : 国際企業に照準

Bewaard in:
Bibliografische gegevens
Hoofdauteur: 高橋二三夫(たかはし ふみお)
Formaat: Boek
Taal:Undetermined
Gepubliceerd in: 東京 朝日案内コミュニティ出版事業部 1988
Onderwerpen:
Tags: Voeg label toe
Geen labels, Wees de eerste die dit record labelt!
Thư viện lưu trữ: Trung tâm Học liệu Trường Đại học Cần Thơ
LEADER 00571nam a2200205Ia 4500
001 CTU_94414
008 210402s9999 xx 000 0 und d
082 |a 338.8 
082 |b T136 
100 |a 高橋二三夫(たかはし ふみお) 
245 0 |a 山之内製薬 : 
245 0 |b 国際企業に照準 
245 0 |c 高橋二三夫 
260 |a 東京 
260 |b 朝日案内コミュニティ出版事業部 
260 |c 1988 
650 |a Corporations 
650 |x Japan 
904 |i Ngoc 
980 |a Trung tâm Học liệu Trường Đại học Cần Thơ